| 000 | 00577nam a22001937a 4500 | ||
|---|---|---|---|
| 003 | CEME | ||
| 005 | 20210628202640.0 | ||
| 008 | 210120b xxu||||| |||| 00| 0 eng d | ||
| 020 | _a0-7668-2665-1 | ||
| 040 | _c. | ||
| 082 | _a346.73048 STI | ||
| 100 |
_aStim, Richard _960904 |
||
| 245 | _aIntellectual property ,patents, trademarks and copyrights | ||
| 250 | _a2ND | ||
| 260 |
_aAUSTRALIA _bTHOMSON LEARNING _c2001 |
||
| 300 | _aXXIV,664P | ||
| 650 |
_aINTELLECTUAL PROPERTY-UNITED STATES.LEGAL ASSISTANTS-UNITED STATES-HANDBOOKS,MANUALS ETC _960905 |
||
| 942 |
_cBK _2ddc |
||
| 999 |
_c570509 _d570509 |
||